=LDR 00000nam 2200000 4500 =001 INLIS000000000044154 =005 20131008105107 =008 ***********************************ind** =035 ##$$0010-101300000002076 =041 ##$$a ind =082 ##$$a R.340.2 =090 ##$$a R.340.2, Him h =100 ##$$a Suradji =245 ##$$a Himpunan Karya Tulis Bidang Hukum Tahun 2006, Suradji =260 ##$$a 2006 $b Jakarta =300 ##$$a viii, 136 hlm., 22 cm =650 ##$$a Hukum =650 ##$$a Bunga Rampai =850 ##$$a NBPNMAT